00472naa a2200169 450000500170000001000150001702000260003203500140005803700090007208200140008110000180009524500560011325000060016926000400017527000650021530000220028020250811160121.0 aENG-146449 c299.00a9789355644602 aEN-129981 bDBAD a220.2121 aAgarwal, D.K. aVedas & Upanishads For Children/cby D.K. Agarwal  a1 aNew DelhibDisha Publicationsc2025 aB-32, Shivalik Main Road, Malviya Nagar,bNew Delhi e110017 a210p. c21cm (pb)